| 000 | 00467nam a2200181Ia 4500 | ||
|---|---|---|---|
| 005 | 20250423100847.0 | ||
| 008 | 250422s9999 xx 000 0 und d | ||
| 020 | _a0-07-064958-8 | ||
| 050 | _aQA 76.5 .T559/ | ||
| 100 | _aTokheim, Roger L. | ||
| 245 | 0 | _aSchaum`s outline of theory and problems of microprocessor fundamentals | |
| 260 | _aNew York | ||
| 260 | _bMcGraw-Hill | ||
| 260 | _c1983 | ||
| 300 | _a378 p | ||
| 650 | _aComputer Science | ||
| 942 | _cBK | ||
| 999 |
_c34562 _d34562 |
||